000
00320nam a22001337a 4500
003
SGT
082
_a
612.012
_b
C03S
100
_a
SHARMA, PRIYAVRAT
245
_a
CHAKRADATTA- RATNAPRABHA
260
_a
DELHI
_b
KENDRIYA AYURVEDA EVAM SIDH ANUSANDHAN PARISADH
_c
2003
300
_a
166
650
_a
AYURVEDA
942
_2
ddc
_c
BK
999
_c
8671
_d
8671